| 000 | 00000nam##2200000za#4500 |
| 001 | 9.575125 |
| 003 | CaOODSP |
| 005 | 20240215150447 |
| 007 | cr ||||||||||| |
| 008 | 150406|2010||||xxc|||||o f|0| 0 eng|d |
| 040 | |aCaOODSP|beng |
| 043 | |an-cn--- |
| 086 | 1 |aPS83-3/210E-PDF |
| 110 | 2 |aCorrectional Service Canada. |
| 245 | 10|aUse of bleach and the methadone maintenance treatment program as harm reduction measures in Canadian Penitentiaries / |h[electronic resource]|c[by] Jennie Thompson, Dianne Zakaria and Ashley Jarvis. |
| 260 | |aOttawa - Ontario : |bCorrectional Service Canada |cAugust 2010. |
| 300 | |a57p.|breferences, tables |
| 490 | 1 |aResearch report|vR-210 |
| 590 | |a12-38-Supp|b2012-09-27 |
| 720 | 1 |aZakaria, Dianne |
| 720 | 1 |aThompson, Jennie |
| 720 | 1 |aJarvis, Ashley |
| 775 | 08|tL'utilisation de l'eau de Javel et le recours au Programme de traitement d'entretien à la méthadone comme mesures de réduction des méfaits dans les pénitenciers du Canada / |w(CaOODSP)9.604737 |
| 830 | #0|aResearch report (Correctional Service Canada. Research Branch)|vR-210|w(CaOODSP)9.506063 |
| 856 | 40|ahttp://publications.gc.ca|qPDF|s404 KB|uhttps://publications.gc.ca/collections/collection_2012/scc-csc/PS83-3-210-eng.pdf|yR-210 |